UK signs UNESCO Convention (Record no. 66692)

MARC details
000 -LEADER
fixed length control field 01107cam a2200253 4500
001 - CONTROL NUMBER
control field WB3714-02
008 - FIXED-LENGTH DATA ELEMENTS--GENERAL INFORMATION
fixed length control field 000000n2001 000 0 eng u
035 ## - SYSTEM CONTROL NUMBER
System control number (Sirsi) u111908
245 ## - TITLE STATEMENT
Title UK signs UNESCO Convention
260 ## - PUBLICATION, DISTRIBUTION, ETC.
Date of publication, distribution, etc. 2001
490 ## - SERIES STATEMENT
Series statement Art Newspaper
Volume/sequential designation 12(113) April 2001, 1
490 ## - SERIES STATEMENT
Series statement DCMS News Release
Volume/sequential designation (73/01) 14 March 2001, (6)
520 ## - SUMMARY, ETC.
Summary, etc. The UK Government has agreed to sign up to the 1970 UNESCO Convention on the Means of Prohibiting the Illicit Import and Export and Transfer of Ownership of Cultural Property ₁ one of the key recommendations of the Advisory Panel on Illicit Trade which is seen as one of the key ways of tackling illicit trade in art and antiques.
590 ## - LOCAL NOTE (RLIN)
Local note WB
650 ## - SUBJECT ADDED ENTRY--TOPICAL TERM
Topical term or geographic name entry element WORKS OF ART
650 ## - SUBJECT ADDED ENTRY--TOPICAL TERM
Topical term or geographic name entry element IMPORTS
650 ## - SUBJECT ADDED ENTRY--TOPICAL TERM
Topical term or geographic name entry element EXPORTS
650 ## - SUBJECT ADDED ENTRY--TOPICAL TERM
Topical term or geographic name entry element CULTURAL OBJECTS
650 ## - SUBJECT ADDED ENTRY--TOPICAL TERM
Topical term or geographic name entry element ILLICIT TRADE
650 ## - SUBJECT ADDED ENTRY--TOPICAL TERM
Topical term or geographic name entry element ADVISORY PANEL ON ILLICIT TRADE
650 ## - SUBJECT ADDED ENTRY--TOPICAL TERM
Topical term or geographic name entry element CONVENTION ON THE MEANS OF PROHIBITING AND PREVENTION OF THE ILLICIT IMPORT, EXPORT AND TRANSFER OF OWNERSHIP OF CULTURAL PROPERTY 1970
690 ## - LOCAL SUBJECT ADDED ENTRY--TOPICAL TERM (OCLC, RLIN)
Topical term or geographic name as entry element Arts and antiques
9 (RLIN) 6217
942 ## - ADDED ENTRY ELEMENTS (KOHA)
Suppress in OPAC 0
Holdings
Withdrawn status Lost status Source of classification or shelving scheme Damaged status Not for loan Home library Current library Shelving location Date acquired Total Checkouts Full call number Barcode Date last seen Copy number Price effective from Koha item type
    Dewey Decimal Classification     London London News article 05/04/2001   WB3714-02 111908-1001 06/08/2019 1 06/08/2019 News article